World Cities Map Quiz - Statistics

General Stats
  • This quiz has been taken 29 times
  • The average score is 17 of 25
Answers on the Map
Answers color-coded by a green-red scale on the quiz's map according to % correct below.
 
Answer Stats
Answer % Correct
Accra
100%
Alexandria
100%
Asuncion
100%
Bandung
100%
Bangkok
100%
Birmingham
100%
Boston
100%
Bucharest
100%
Coimbatore
100%
Daegu
100%
Damascus
100%
Delhi
100%
Frankfurt
100%
Gujranwala
100%
Havana
100%
Hong Kong
100%
Houston
100%
Istanbul
100%
Jakarta
100%
Johannesburg
100%
Kano
100%
Karachi
100%
Katowice
100%
Madrid
100%
Mashhad
100%
Mexico City
100%
Milan
100%
Philadelphia
100%
Pyongyang
100%
Quito
100%
Sana'a
100%
San Jose
100%
Santiago
100%
Sapporo
100%
Shenyang
100%
Tampa
100%
Tianjin
100%
Wuhan
100%
Yangon
100%
Dhaka
50%
Hamburg
50%
Miami
50%
Qingdao
50%
Zibo
50%
Abidjan
0%
Abuja
0%
Addis Ababa
0%
Agra
0%
Ahmedabad
0%
Algiers
0%
Amman
0%
Amsterdam
0%
Ankara
0%
Anshan
0%
Antananarivo
0%
Athens
0%
Atlanta
0%
Baghdad
0%
Baku
0%
Bamako
0%
Bangalore
0%
Baotou
0%
Barcelona
0%
Beijing
0%
Belem
0%
Belo Horizonte
0%
Berlin
0%
Bhilai
0%
Bhopal
0%
Bogota
0%
Brasilia
0%
Brazzaville
0%
Brisbane
0%
Brussels
0%
Budapest
0%
Buenos Aires
0%
Busan
0%
Cairo
0%
Cali
0%
Campinas
0%
Cape Town
0%
Caracas
0%
Casablanca
0%
Cebu
0%
Chandigarh
0%
Changchun
0%
Changsha
0%
Charlotte
0%
Chengdu
0%
Chennai
0%
Chicago
0%
Chittagong
0%
Chongqing
0%
Cincinnati
0%
Cleveland
0%
Colombo
0%
Conakry
0%
Curitiba
0%
Dakar
0%
Dalian
0%
Dallas
0%
Dammam
0%
Dar es Salaam
0%
Denver
0%
Detroit
0%
Doha
0%
Douala
0%
Dubai
0%
Durban
0%
Faisalabad
0%
Fortaleza
0%
Fukuoka
0%
Fuzhou
0%
Goiania
0%
Guadalajara
0%
Guangzhou
0%
Guatemala City
0%
Guayaquil
0%
Guiyang
0%
Hangzhou
0%
Hanoi
0%
Harbin
0%
Hefei
0%
Ho Chi Minh City
0%
Huizhou
0%
Hyderabad
0%
Ibadan
0%
Indore
0%
Isfahan
0%
Islamabad
0%
Izmir
0%
Jaipur
0%
Jeddah
0%
Jiangyin
0%
Jinan
0%
Kabul
0%
Kampala
0%
Kanpur
0%
Kaohsiung
0%
Kathmandu
0%
Khartoum
0%
Kiev
0%
Kinshasa
0%
Kolkata
0%
Kuala Lumpur
0%
Kumasi
0%
Kunming
0%
Kuwait City
0%
Lagos
0%
Lahore
0%
Lanzhou
0%
Las Vegas
0%
Lima
0%
Lisbon
0%
London
0%
Los Angeles
0%
Luanda
0%
Lubumbashi
0%
Lucknow
0%
Luoyang
0%
Lusaka
0%
Manaus
0%
Manchester
0%
Manila
0%
Maputo
0%
Maracaibo
0%
Mbuji-Mayi
0%
Medan
0%
Medellin
0%
Melbourne
0%
Minneapolis
0%
Monterrey
0%
Montréal
0%
Moscow
0%
Mumbai
0%
Munich
0%
Nagoya
0%
Nagpur
0%
Nairobi
0%
Nanchang
0%
Nanjing
0%
Nanning
0%
Naples
0%
New York
0%
Ningbo
0%
Orlando
0%
Osaka
0%
Ouagadougou
0%
Paris
0%
Patna
0%
Peshawar
0%
Phnom Penh
0%
Phoenix
0%
Port-au-Prince
0%
Port Harcourt
0%
Portland
0%
Puebla
0%
Pune
0%
Recife
0%
Rio de Janeiro
0%
Riyadh
0%
Rome
0%
Rotterdam
0%
Saint Louis
0%
Saint Petersburg
0%
Salt Lake City
0%
Salvador
0%
San Antonio
0%
San Diego
0%
San Francisco
0%
Santo Domingo
0%
São Paulo
0%
Seattle
0%
Semarang
0%
Seoul
0%
Shanghai
0%
Shantou
0%
Shijiazhuang
0%
Singapore
0%
Stockholm
0%
Stuttgart
0%
Surabaya
0%
Surat
0%
Sydney
0%
Taichung
0%
Taipei
0%
Taiyuan
0%
Taizhou
0%
Tangshan
0%
Tashkent
0%
Tehran
0%
Tel Aviv
0%
Tokyo
0%
Toluca
0%
Toronto
0%
Tunis
0%
Urumqi
0%
Vadodara
0%
Vancouver
0%
Vienna
0%
Visakhapatnam
0%
Warsaw
0%
Washington D.C.
0%
Wenzhou
0%
Xiamen
0%
Xi'an
0%
Xuzhou
0%
Yantai
0%
Yaoundé
0%
Zhengzhou
0%
No matching quizzes found
Score Distribution
Percent of People with Each Score
Percentile by Number Answered
Your Score History
You have not taken this quiz